Energiaőrök a gumigyárban
Elmentve itt :
| Dokumentumtípus: | Cikk |
|---|---|
| Megjelent: |
1979-08-14
|
| Sorozat: | Délmagyarország
69 No. 189 |
| Kulcsszavak: | Gumigyár |
| Online Access: | http://dmarchiv.bibl.u-szeged.hu/107310 |
| LEADER | 00394nab a2200145 i 4500 | ||
|---|---|---|---|
| 001 | delm107310 | ||
| 005 | 20190523090638.0 | ||
| 008 | 190523s1979 hu o 0|| hun d | ||
| 040 | |a SZTE Délmagyarország Archívum |b hun | ||
| 041 | |a hun | ||
| 245 | 0 | 0 | |a Energiaőrök a gumigyárban |h [elektronikus dokumentum] |
| 260 | |c 1979-08-14 | ||
| 300 | |a 8 | ||
| 490 | 0 | |a Délmagyarország |v 69 No. 189 | |
| 695 | |a Gumigyár | ||